[Event "MP Reykjavik Open 2011"]
[Site "Reykjavik ISL"]
[Date "2011.03.10"]
[Round "2.67"]
[White "Larusson, Petur Atli"]
[Black "Gates, David A"]
[Result "1-0"]
[WhiteElo "2095"]
[BlackElo "1698"]
[PlyCount "107"]
[EventDate "2011.03.09"]
[EventType "swiss"]
[EventRounds "9"]
[EventCountry "ISL"]
[Source "lmi"]
[SourceDate "2011.03.09"]

1. e4 c6 2. d4 d5 3. exd5 cxd5 4. Bd3 Nc6 5. c3 Nf6 6. Bf4 e6 7. Nf3 a6 8. O-O
Bd6 9. Bxd6 Qxd6 10. Re1 O-O 11. Nbd2 b5 12. Ne5 Ne7 13. a4 bxa4 14. Rxa4 Bd7
15. Nxd7 Nxd7 16. Qa1 e5 17. dxe5 Nxe5 18. Rxa6 Rxa6 19. Qxa6 Qc7 20. Bb1 Rb8
21. Qa4 g6 22. Qc2 Nf5 23. Ba2 Ng4 24. Nf3 Rd8 25. h3 Nf6 26. Qd3 Qb6 27. Re2
Nh5 28. Qd2 Nhg3 29. Re1 Ne4 30. Qc2 Qc6 31. Bxd5 Qxd5 32. Qxe4 Qb3 33. Re2 h5
34. Nd4 Nxd4 35. cxd4 Qd1+ 36. Re1 Qxd4 37. Qxd4 Rxd4 38. Rb1 Rb4 39. b3 f5 40.
Kf1 Kf7 41. Ke2 Ke6 42. Kd3 Kd5 43. Kc3 Re4 44. Rb2 h4 45. b4 Rc4+ 46. Kb3 f4
47. Rd2+ Rd4 48. Rxd4+ Kxd4 49. b5 Kc5 50. b6 Kxb6 51. Kc4 Kc6 52. Kd4 Kd6 53.
Ke4 Kc5 54. f3 1-0

[Event "MP Reykjavik Open 2011"]
[Site "Reykjavik ISL"]
[Date "2011.03.10"]
[Round "2.68"]
[White "Willis, Brad"]
[Black "Sigurdarson, Emil"]
[Result "1/2-1/2"]
[WhiteElo "2090"]
[BlackElo "1694"]
[PlyCount "59"]
[EventDate "2011.03.09"]
[EventType "swiss"]
[EventRounds "9"]
[EventCountry "ISL"]
[Source "lmi"]
[SourceDate "2011.03.09"]

1. d4 d5 2. Bf4 Nf6 3. e3 e6 4. Nf3 Bd6 5. Bg3 O-O 6. Nbd2 b6 7. Bd3 c5 8. c3
Ba6 9. Bc2 Nc6 10. Ne5 Qc7 11. f4 Rac8 12. Rc1 Ne7 13. Qf3 Nf5 14. Bf2 g6 15.
g4 Ng7 16. Bg3 Nd7 17. Nd3 f6 18. O-O Bb7 19. Qe2 Rce8 20. e4 dxe4 21. Nxe4 Qc6
22. Nxd6 Qxd6 23. dxc5 Nxc5 24. Nxc5 Qxc5+ 25. Bf2 Qc6 26. Bg3 e5 27. f5 Qc5+
28. Bf2 Qc6 29. Bg3 Qc5+ 30. Bf2 1/2-1/2

[Event "MP Reykjavik Open 2011"]
[Site "Reykjavik ISL"]
[Date "2011.03.10"]
[Round "2.69"]
[White "Andrason, Pall"]
[Black "Ragnarsson, Johann"]
[Result "0-1"]
[WhiteElo "1683"]
[BlackElo "2089"]
[PlyCount "32"]
[EventDate "2011.03.09"]
[EventType "swiss"]
[EventRounds "9"]
[EventCountry "ISL"]
[Source "lmi"]
[SourceDate "2011.03.09"]

1. d4 d5 2. Bf4 Nf6 3. e3 c5 4. c3 Nc6 5. Nf3 Bg4 6. Be2 e6 7. O-O Bd6 8. Bxd6
Qxd6 9. Nbd2 O-O 10. Nh4 Bxe2 11. Qxe2 cxd4 12. cxd4 Rac8 13. Rac1 Rc7 14. Nb3
Rfc8 15. Nc5 b6 16. Na6 Nxd4 0-1

[Event "MP Reykjavik Open 2011"]
[Site "Reykjavik ISL"]
[Date "2011.03.10"]
[Round "2.70"]
[White "Mihajlov, Svetoslav"]
[Black "Leosson, Atli Johann"]
[Result "1-0"]
[WhiteElo "2087"]
[BlackElo "1685"]
[PlyCount "75"]
[EventDate "2011.03.09"]
[EventType "swiss"]
[EventRounds "9"]
[EventCountry "ISL"]
[Source "lmi"]
[SourceDate "2011.03.09"]

1. e4 e5 2. Nc3 Nc6 3. g3 Nf6 4. Bg2 Bc5 5. h3 d6 6. Na4 Bb6 7. Ne2 Be6 8. Nxb6
axb6 9. d4 exd4 10. Nxd4 Nxd4 11. Qxd4 h6 12. b3 Ra5 13. Bd2 Ra7 14. O-O Qd7
15. Kh2 c5 16. Qb2 Qe7 17. f4 O-O 18. f5 Bd7 19. Bc3 Bc6 20. Rfe1 b5 21. a3 Kh7
22. Rad1 Rg8 23. e5 dxe5 24. Bxe5 Bxg2 25. Bd6 Qd7 26. Kxg2 Qc6+ 27. Kh2 Ne4
28. Bf4 f6 29. Re2 Ng5 30. Bxg5 hxg5 31. Rd3 Rga8 32. Re6 Qc7 33. Qc1 Rxa3 34.
Qd1 Kh6 35. Rd7 Ra1 36. Qd2 Qa5 37. Qe2 Rd8 38. Rxf6+ 1-0

[Event "MP Reykjavik Open 2011"]
[Site "Reykjavik ISL"]
[Date "2011.03.10"]
[Round "2.71"]
[White "Salewski, Bernd"]
[Black "Hardarson, Jon Trausti"]
[Result "1-0"]
[WhiteElo "2056"]
[BlackElo "1639"]
[PlyCount "51"]
[EventDate "2011.03.09"]
[EventType "swiss"]
[EventRounds "9"]
[EventCountry "ISL"]
[Source "lmi"]
[SourceDate "2011.03.09"]

1. d4 Nf6 2. Nc3 c5 3. d5 e6 4. e4 exd5 5. exd5 d6 6. Bb5+ Bd7 7. a4 g6 8. Nf3
Qe7+ 9. Qe2 Qxe2+ 10. Kxe2 Bg7 11. Bf4 Bxb5+ 12. axb5 Kd7 13. h3 Re8+ 14. Kd3
Ne4 15. Nxe4 c4+ 16. Ke3 f5 17. Nfg5 fxe4 18. c3 Be5 19. Nxe4 Kc7 20. Ra4 Nd7
21. Rxc4+ Kb6 22. Bxe5 Nxe5 23. Rb4 Rad8 24. f4 Nd7 25. Kf3 Rf8 26. Kg3 1-0

[Event "MP Reykjavik Open 2011"]
[Site "Reykjavik ISL"]
[Date "2011.03.10"]
[Round "2.73"]
[White "Kristinsson, Bjarni Jens"]
[Black "Johannesson, Oliver"]
[Result "1-0"]
[WhiteElo "2039"]
[BlackElo "1554"]
[PlyCount "53"]
[EventDate "2011.03.09"]
[EventType "swiss"]
[EventRounds "9"]
[EventCountry "ISL"]
[Source "lmi"]
[SourceDate "2011.03.09"]

1. d4 Nf6 2. c4 c5 3. d5 e6 4. Nc3 exd5 5. cxd5 d6 6. e4 g6 7. h3 Bg7 8. Nf3
O-O 9. Bd3 Re8 10. O-O Nbd7 11. Bf4 c4 12. Bc2 Nc5 13. Re1 a6 14. a4 Qb6 15.
Qd2 Bd7 16. a5 Qc7 17. e5 dxe5 18. Nxe5 Nfe4 19. d6 Bxe5 20. dxc7 Nxd2 21. Rxe5
Rxe5 22. Bxe5 f6 23. Bf4 Ndb3 24. Rd1 Bc8 25. Nd5 Nd7 26. Bxb3 cxb3 27. Ne7+
1-0

[Event "MP Reykjavik Open 2011"]
[Site "Reykjavik ISL"]
[Date "2011.03.10"]
[Round "2.74"]
[White "Hauksdottir, Hrund"]
[Black "Horn, Emilia"]
[Result "0-1"]
[WhiteElo "1554"]
[BlackElo "2031"]
[PlyCount "112"]
[EventDate "2011.03.09"]
[EventType "swiss"]
[EventRounds "9"]
[EventCountry "ISL"]
[Source "lmi"]
[SourceDate "2011.03.09"]

1. e4 e5 2. Nf3 Nc6 3. Bc4 Nf6 4. O-O Be7 5. Re1 d6 6. h3 O-O 7. Nc3 Na5 8. Bb3
Nxb3 9. axb3 c5 10. d3 Bd7 11. Be3 a6 12. Qd2 Bc6 13. Ne2 Qc7 14. Ng3 Rfe8 15.
Nf5 Bf8 16. Rad1 a5 17. Bg5 Nd7 18. Qe2 f6 19. Bc1 Nb6 20. Nd2 Bd7 21. Qf3 Bxf5
22. Qxf5 Qd7 23. Qf3 a4 24. Nc4 Nc8 25. bxa4 Rxa4 26. Ne3 Ne7 27. Nc4 Ra6 28.
Bd2 b5 29. Ne3 Rea8 30. Ng4 d5 31. Qg3 Kh8 32. exd5 Qxd5 33. Ne3 Qc6 34. Qg4
Ra4 35. Qh5 Ra2 36. Bc1 Rd8 37. Nf1 Ra7 38. Ng3 Rad7 39. Be3 c4 40. dxc4 bxc4
41. Rxd7 Qxd7 42. Qe2 Qd5 43. Nf1 Ng6 44. Nd2 Rc8 45. Qg4 Qb7 46. Nxc4 f5 47.
Na5 Qb5 48. Qxf5 Ne7 49. Qe4 Qxa5 50. Bg5 Ng6 51. c3 Qb6 52. Rb1 Bc5 53. Qe1
Rf8 54. Be3 Nf4 55. Qd2 Bxe3 56. Qxe3 Qg6 0-1

[Event "MP Reykjavik Open 2011"]
[Site "Reykjavik ISL"]
[Date "2011.03.10"]
[Round "2.75"]
[White "Hajenius, Willem"]
[Black "Stefansson, Vignir Vatnar"]
[Result "1-0"]
[WhiteElo "2028"]
[BlackElo "1501"]
[PlyCount "25"]
[EventDate "2011.03.09"]
[EventType "swiss"]
[EventRounds "9"]
[EventCountry "ISL"]
[Source "lmi"]
[SourceDate "2011.03.09"]

1. d4 d5 2. c4 e6 3. Nc3 c6 4. e4 Bb4 5. e5 Bxc3+ 6. bxc3 Nd7 7. Nf3 Ne7 8.
cxd5 cxd5 9. Bd3 O-O 10. Bxh7+ Kxh7 11. Ng5+ Kg8 12. Qh5 f6 13. Qh7# 1-0

[Event "MP Reykjavik Open 2011"]
[Site "Reykjavik ISL"]
[Date "2011.03.10"]
[Round "2.76"]
[White "Kjartansson, Dagur"]
[Black "Magnusson, Magnus"]
[Result "0-1"]
[WhiteElo "1517"]
[BlackElo "2026"]
[PlyCount "50"]
[EventDate "2011.03.09"]
[EventType "swiss"]
[EventRounds "9"]
[EventCountry "ISL"]
[Source "lmi"]
[SourceDate "2011.03.09"]

1. d4 Nf6 2. c4 e6 3. Nc3 Bb4 4. Nf3 Bxc3+ 5. bxc3 d6 6. Bg5 Nbd7 7. e3 h6 8.
Bh4 Qe7 9. Be2 e5 10. O-O e4 11. Nd2 g5 12. Bg3 h5 13. f4 h4 14. Be1 g4 15.
Bxg4 Nxg4 16. Qxg4 Nf6 17. Qg5 Rh5 18. Qg7 Bf5 19. g4 hxg3 20. Qxg3 O-O-O 21.
Kh1 Rg8 22. Qf2 Ng4 23. Qe2 Rxh2+ 24. Qxh2 Nxh2 25. Kxh2 Qf6 0-1

[Event "MP Reykjavik Open 2011"]
[Site "Reykjavik ISL"]
[Date "2011.03.10"]
[Round "2.77"]
[White "Puuska, Heini"]
[Black "Johannesson, Kristofer Joel"]
[Result "1-0"]
[WhiteElo "2014"]
[BlackElo "1437"]
[PlyCount "27"]
[EventDate "2011.03.09"]
[EventType "swiss"]
[EventRounds "9"]
[EventCountry "ISL"]
[Source "lmi"]
[SourceDate "2011.03.09"]

1. d4 d5 2. Bg5 Bf5 3. Nf3 g6 4. e3 Bg7 5. c4 c6 6. Nc3 Nf6 7. Bxf6 Bxf6 8.
cxd5 cxd5 9. Qb3 Bd7 10. Qxb7 Bc6 11. Bb5 Qb6 12. Qc8+ Qd8 13. Bxc6+ Nxc6 14.
Qxc6+ 1-0

[Event "MP Reykjavik Open 2011"]
[Site "Reykjavik ISL"]
[Date "2011.03.10"]
[Round "2.78"]
[White "Sigurdsson, Birkir Karl"]
[Black "Thorsteinsdottir, Hallgerdur"]
[Result "0-1"]
[WhiteElo "1481"]
[BlackElo "2011"]
[PlyCount "88"]
[EventDate "2011.03.09"]
[EventType "swiss"]
[EventRounds "9"]
[EventCountry "ISL"]
[Source "lmi"]
[SourceDate "2011.03.09"]

1. d4 Nf6 2. c4 g6 3. Nc3 d5 4. e3 Bg7 5. Nf3 O-O 6. Bd3 dxc4 7. Bxc4 c5 8. O-O
Nc6 9. Re1 Bg4 10. d5 Na5 11. Be2 a6 12. a3 c4 13. e4 Nb3 14. Rb1 b5 15. Be3
Nd7 16. Nd4 Bxe2 17. Ncxe2 Nxd4 18. Nxd4 Ne5 19. a4 Qd7 20. axb5 axb5 21. h3
Rfc8 22. Rf1 Ra2 23. Kh1 b4 24. Qc1 Nd3 25. Qc2 Qb7 26. Rfd1 Kf8 27. Kg1 Qa6
28. Kh1 h5 29. Kg1 Kg8 30. Kh1 Kf8 31. Kg1 Nc5 32. Nc6 b3 33. Qd2 c3 34. Qe1
Nd3 35. Rxd3 Qxd3 36. Nb4 Qxe4 37. bxc3 Raa8 38. Rxb3 Qc4 39. Rb1 Bxc3 40. Bh6+
Kg8 41. Qxe7 Re8 42. Qg5 Bxb4 43. Rxb4 Qxb4 44. Qf6 Qe1+ 0-1

[Event "MP Reykjavik Open 2011"]
[Site "Reykjavik ISL"]
[Date "2011.03.11"]
[Round "3.1"]
[White "McShane, Luke J"]
[Black "Williams, Simon K"]
[Result "1-0"]
[WhiteElo "2683"]
[BlackElo "2507"]
[PlyCount "69"]
[EventDate "2011.03.09"]
[EventType "swiss"]
[EventRounds "9"]
[EventCountry "ISL"]
[Source "lmi"]
[SourceDate "2011.03.09"]

1. e4 e6 2. d4 d5 3. Nd2 Nf6 4. e5 Nfd7 5. f4 c5 6. c3 Nc6 7. Ndf3 Qb6 8. a3
Be7 9. h4 cxd4 10. cxd4 Na5 11. Ne2 Nb3 12. Rb1 Nb8 13. Be3 Nc6 14. Nc3 Bd7 15.
Na4 Qa5+ 16. Nc3 Qb6 17. Be2 Nca5 18. O-O g6 19. h5 O-O-O 20. Bf2 Kb8 21. Bd3
Rc8 22. Bc2 Be8 23. Re1 Na1 24. Bd3 N1b3 25. Bc2 Na1 26. Bd3 N1b3 27. Re2 Bxa3
28. Nxd5 exd5 29. bxa3 Ba4 30. Bc2 Rc3 31. Be1 Rxf3 32. gxf3 Qxd4+ 33. Qxd4
Nxd4 34. Bxa4 Nxe2+ 35. Kf2 1-0

[Event "MP Reykjavik Open 2011"]
[Site "Reykjavik ISL"]
[Date "2011.03.11"]
[Round "3.2"]
[White "D'amore, Carlo"]
[Black "Miroshnichenko, Evgenij"]
[Result "0-1"]
[WhiteElo "2505"]
[BlackElo "2670"]
[PlyCount "186"]
[EventDate "2011.03.09"]
[EventType "swiss"]
[EventRounds "9"]
[EventCountry "ISL"]
[Source "lmi"]
[SourceDate "2011.03.09"]

1. Nf3 g6 2. g3 Bg7 3. d4 Nf6 4. Bg2 O-O 5. c4 d5 6. cxd5 Nxd5 7. Nc3 Nb6 8.
O-O Nc6 9. e3 Re8 10. Qe2 a5 11. Rd1 a4 12. Ne5 Bd7 13. f4 Nxe5 14. fxe5 Qc8
15. Ne4 f6 16. exf6 exf6 17. Nc5 Bg4 18. Bf3 Bxf3 19. Qxf3 f5 20. Nxb7 Nd7 21.
Bd2 Re4 22. Na5 Nb6 23. Rac1 Nd5 24. Nc6 Qe6 25. Nb4 Nxb4 26. Bxb4 Qxa2 27. Qf1
Bh6 28. Qc4+ Qxc4 29. Rxc4 Bxe3+ 30. Kf1 Rd8 31. Rxc7 Rexd4 32. Rxd4 Bxd4 33.
Ba3 Be5 34. Rc5 Bf6 35. Ke2 Rb8 36. Rc2 h5 37. Kf3 g5 38. Kg2 Rb3 39. Kh1 f4
40. gxf4 gxf4 41. Rc4 f3 42. Rxa4 Rd3 43. Kg1 Bd4+ 44. Rxd4 Rxd4 45. Kf2 Rf4
46. Bd6 Rf5 47. b4 Kf7 48. b5 Ke6 49. Bc7 Kd5 50. b6 Kc6 51. Bd8 Rf7 52. Bc7
Rf8 53. Kf1 Ra8 54. Kf2 Ra3 55. Bf4 Kxb6 56. Be3+ Kc6 57. Kxf3 Ra4 58. Kg3 Kd5
59. Bh6 Ke5 60. Kh3 Kf5 61. Kg3 Ra6 62. Bc1 Rc6 63. Bd2 Rd6 64. Bc1 Ra6 65. Kh3
Rc6 66. Bd2 Rc2 67. Bh6 Rc3+ 68. Kh4 Rc6 69. Bf8 Kg6 70. Be7 Re6 71. Bc5 Re2
72. Kh3 Kg5 73. Bb6 Re8 74. Bc5 Re5 75. Bb6 Rd5 76. Be3+ Kg6 77. Bc1 Rd3+ 78.
Kh4 Rf3 79. Bb2 Rf2 80. Be5 Re2 81. Bc7 Rd2 82. Kh3 Kg5 83. Bb6 Rd3+ 84. Kg2
Kg4 85. h4 Kxh4 86. Kh1 Kh3 87. Bg1 Rd2 88. Bc5 Kg3 89. Bb6 Rh2+ 90. Kg1 Rc2
91. Kh1 h4 92. Bg1 h3 93. Bb6 h2 0-1

[Event "MP Reykjavik Open 2011"]
[Site "Reykjavik ISL"]
[Date "2011.03.11"]
[Round "3.3"]
[White "Grover, Sahaj"]
[Black "Sokolov, Ivan"]
[Result "0-1"]
[WhiteElo "2495"]
[BlackElo "2643"]
[PlyCount "64"]
[EventDate "2011.03.09"]
[EventType "swiss"]
[EventRounds "9"]
[EventCountry "ISL"]
[Source "lmi"]
[SourceDate "2011.03.09"]

1. e4 e5 2. Nf3 Nc6 3. Bb5 a6 4. Ba4 Nge7 5. c3 g6 6. d4 exd4 7. cxd4 Bg7 8.
O-O O-O 9. Nc3 b5 10. Bc2 d6 11. h3 Bb7 12. Bf4 Na5 13. d5 Nc4 14. Qc1 b4 15.
Nd1 c6 16. dxc6 Nxc6 17. Bh6 N4e5 18. Nxe5 dxe5 19. Bxg7 Kxg7 20. Ba4 Nd4 21.
Qc5 Qg5 22. Ne3 Bxe4 23. Ng4 f6 24. Rae1 Qf4 25. Re3 h5 26. Nh2 Rac8 27. Qxb4
Rf7 28. Qa3 Bd5 29. Bd1 Rc1 30. Ba4 Qg5 31. g3 Rxf1+ 32. Nxf1 Qf5 0-1

[Event "MP Reykjavik Open 2011"]
[Site "Reykjavik ISL"]
[Date "2011.03.11"]
[Round "3.4"]
[White "Henrichs, Thomas"]
[Black "Kuzubov, Yuriy"]
[Result "0-1"]
[WhiteElo "2480"]
[BlackElo "2627"]
[PlyCount "76"]
[EventDate "2011.03.09"]
[EventType "swiss"]
[EventRounds "9"]
[EventCountry "ISL"]
[Source "lmi"]
[SourceDate "2011.03.09"]

1. d4 g6 2. c4 Bg7 3. e4 c5 4. Nf3 d6 5. Nc3 cxd4 6. Nxd4 Nf6 7. Be2 O-O 8. O-O
Nc6 9. Be3 Bd7 10. Qd2 Nxd4 11. Bxd4 Bc6 12. f3 Nd7 13. Bf2 a5 14. b3 Nc5 15.
Rab1 h5 16. Bd1 Qc7 17. a3 Rfc8 18. b4 axb4 19. axb4 Ra3 20. Rc1 Nb3 21. Bxb3
Rxb3 22. Rc2 Rxc3 23. Rxc3 Bxc3 24. Qxc3 Bb5 25. Rc1 Qxc4 26. Qxc4 Bxc4 27. b5
f6 28. h4 Kf7 29. Bb6 Ke6 30. Be3 Kd7 31. b6 e5 32. Kf2 f5 33. Bg5 Rc5 34. f4
fxe4 35. fxe5 d5 36. Be3 Ra5 37. Rc2 Ke6 38. Bd4 Ra3 0-1

[Event "MP Reykjavik Open 2011"]
[Site "Reykjavik ISL"]
[Date "2011.03.11"]
[Round "3.5"]
[White "Hammer, Jon Ludvig"]
[Black "Berbatov, Kiprian"]
[Result "0-1"]
[WhiteElo "2606"]
[BlackElo "2454"]
[PlyCount "124"]
[EventDate "2011.03.09"]
[EventType "swiss"]
[EventRounds "9"]
[EventCountry "ISL"]
[Source "lmi"]
[SourceDate "2011.03.09"]

1. Nf3 Nf6 2. c4 g6 3. Nc3 Bg7 4. e4 d6 5. d4 O-O 6. Be2 e5 7. O-O Nc6 8. d5
Ne7 9. Ne1 Nd7 10. Be3 f5 11. f3 f4 12. Bf2 g5 13. a4 a5 14. Nd3 b6 15. b4 axb4
16. Nxb4 Nf6 17. a5 bxa5 18. Nc6 Nxc6 19. dxc6 Qe8 20. Nd5 Rf7 21. Qa4 g4 22.
Rfb1 Bf8 23. Ra2 gxf3 24. Bxf3 Ng4 25. Be1 Qe6 26. Qd1 Ne3 27. Qe2 Ra6 28. h3
Rg7 29. Nxe3 fxe3 30. Bg4 Qe8 31. Bxc8 Qxc8 32. Qxe3 Rxc6 33. Rf2 a4 34. Qd3
Rb6 35. Rxb6 cxb6 36. Qd5+ Kh8 37. Bb4 Qd8 38. Rd2 Qg5 39. Rf2 Qd8 40. Qc6 Ra7
41. Rxf8+ Qxf8 42. Bxd6 Qd8 43. Bxe5+ Kg8 44. Qe6+ Rf7 45. Qg4+ Kf8 46. Qg3
Qd1+ 47. Kh2 Ke7 48. Bb2 Kd7 49. Qg8 Qd6+ 50. e5 Qe6 51. Qb8 Qc6 52. Bd4 Ke6
53. g4 b5 54. cxb5 Qc2+ 55. Kg3 Qd3+ 56. Kh4 Qxd4 57. b6 Qd5 58. Qe8+ Re7 59.
Qxa4 Kxe5 60. Qb4 Kf6 61. Qc3+ Kg6 62. Qc2+ Qe4 0-1

[Event "MP Reykjavik Open 2011"]
[Site "Reykjavik ISL"]
[Date "2011.03.11"]
[Round "3.6"]
[White "Sammalvuo, Tapani"]
[Black "Hansen, Sune Berg"]
[Result "1/2-1/2"]
[WhiteElo "2471"]
[BlackElo "2603"]
[PlyCount "176"]
[EventDate "2011.03.09"]
[EventType "swiss"]
[EventRounds "9"]
[EventCountry "ISL"]
[Source "lmi"]
[SourceDate "2011.03.09"]

1. d4 d5 2. Nf3 Nf6 3. c4 c6 4. cxd5 cxd5 5. Nc3 Nc6 6. Bf4 a6 7. Rc1 Nh5 8.
Bd2 Nf6 9. Bf4 Nh5 10. Bd2 e6 11. Bg5 Qb6 12. Na4 Qa5+ 13. Bd2 Bb4 14. Rc5
Bxd2+ 15. Nxd2 Qd8 16. e3 Nf6 17. Qb3 Nd7 18. Rc2 O-O 19. Qc3 e5 20. Nb3 Re8
21. Be2 Nf6 22. Nac5 Bf5 23. Rc1 exd4 24. Nxd4 Nxd4 25. Qxd4 Qa5+ 26. b4 Qxa2
27. Nxb7 Re4 28. Qc3 d4 29. Qa1 Qxa1 30. Rxa1 dxe3 31. Nd6 exf2+ 32. Kxf2 Rxb4
33. Nxf5 Rf4+ 34. Bf3 Rxf5 35. g4 Nxg4+ 36. Kg3 Rxf3+ 37. Kxf3 Ne5+ 38. Ke4 Nd7
39. Ra5 g6 40. Rd1 Ra7 41. Rd6 Rc7 42. Kd5 Kg7 43. Raxa6 Nf8 44. Ra2 Rc1 45.
Ke4 Ne6 46. Kf3 Rc3+ 47. Kf2 h5 48. Ra7 Ng5 49. Rdd7 h4 50. Ra2 Kh6 51. Re2 f5
52. Re3 Rc2+ 53. Re2 Nh3+ 54. Kf1 Rc3 55. Rd4 Kh5 56. Red2 Rf3+ 57. Kg2 Ra3 58.
Kf1 Ng5 59. R2d3 Ra1+ 60. Rd1 Ra6 61. Rd6 Ra4 62. R6d5 Ne4 63. Re1 Kg4 64. Rd3
Kf4 65. Kg1 Ng5 66. Rf1+ Kg4 67. Kg2 Ra2+ 68. Rf2 Ra4 69. h3+ Kh5 70. Re2 Ne4
71. Kh2 Ng3 72. Rf2 Kg5 73. Rd6 Ra1 74. Rb2 f4 75. Kg2 Ra3 76. Rd5+ Nf5 77. Rf2
Rg3+ 78. Kh2 f3 79. Rd3 Kf4 80. Ra2 Ke4 81. Rd8 Kf4 82. Rd3 Ke5 83. Rd8 Kf6 84.
Rf2 Ke5 85. Ra2 Kf4 86. Rd3 f2 87. Rxf2+ Ke4 88. Rd8 Nd4 1/2-1/2

[Event "MP Reykjavik Open 2011"]
[Site "Reykjavik ISL"]
[Date "2011.03.11"]
[Round "3.7"]
[White "Chatalbashev, Boris"]
[Black "Ziska, Helgi Dam"]
[Result "0-1"]
[WhiteElo "2602"]
[BlackElo "2432"]
[PlyCount "82"]
[EventDate "2011.03.09"]
[EventType "swiss"]
[EventRounds "9"]
[EventCountry "ISL"]
[Source "lmi"]
[SourceDate "2011.03.09"]

1. d4 Nf6 2. c4 g6 3. Nc3 Bg7 4. e4 d6 5. Be2 O-O 6. Be3 e5 7. d5 Na6 8. g4 Nc5
9. Bf3 a5 10. h4 Nfd7 11. h5 Nb6 12. Be2 Bd7 13. Nh3 Nba4 14. Nxa4 Bxa4 15. b3
Bd7 16. f3 Bf6 17. Qd2 Bh4+ 18. Nf2 g5 19. Rxh4 gxh4 20. Bh6 Re8 21. Bg5 f6 22.
Bxh4 Qe7 23. Nh1 Qg7 24. Ng3 h6 25. Kf2 Kh7 26. Rg1 Rg8 27. Nf1 f5 28. exf5
Bxf5 29. Ne3 Bd7 30. Bd3+ Nxd3+ 31. Qxd3+ Kh8 32. Ke2 Rgf8 33. Bg3 a4 34. b4 e4
35. Qxe4 Rae8 36. Qd3 Qb2+ 37. Qd2 Qxd2+ 38. Kxd2 Rxf3 39. Nc2 Re4 40. Ne1 Ra3
41. Nc2 Rxa2 0-1

[Event "MP Reykjavik Open 2011"]
[Site "Reykjavik ISL"]
[Date "2011.03.11"]
[Round "3.8"]
[White "Gunnarsson, Jon Viktor"]
[Black "Baklan, Vladimir"]
[Result "1/2-1/2"]
[WhiteElo "2428"]
[BlackElo "2602"]
[PlyCount "39"]
[EventDate "2011.03.09"]
[EventType "swiss"]
[EventRounds "9"]
[EventCountry "ISL"]
[Source "lmi"]
[SourceDate "2011.03.09"]

1. e4 c5 2. Nf3 d6 3. d4 cxd4 4. Nxd4 Nf6 5. Nc3 Nc6 6. f3 e5 7. Nb3 Be7 8. Be3
O-O 9. Qd2 a5 10. Bb5 Na7 11. Bd3 Be6 12. Rd1 Nc8 13. O-O a4 14. Nc1 Nb6 15.
Qf2 Nc4 16. Bxc4 Bxc4 17. Rfe1 Nd7 18. b3 axb3 19. axb3 Be6 20. Nb5 1/2-1/2

[Event "MP Reykjavik Open 2011"]
[Site "Reykjavik ISL"]
[Date "2011.03.11"]
[Round "3.9"]
[White "Miton, Kamil"]
[Black "Dearing, Eddie"]
[Result "1-0"]
[WhiteElo "2600"]
[BlackElo "2412"]
[PlyCount "62"]
[EventDate "2011.03.09"]
[EventType "swiss"]
[EventRounds "9"]
[EventCountry "ISL"]
[Source "lmi"]
[SourceDate "2011.03.09"]

1. d4 d5 2. c4 c6 3. Nf3 Nf6 4. Nc3 e6 5. e3 Nbd7 6. Qc2 Bd6 7. Be2 O-O 8. b3
b6 9. O-O Bb7 10. Bb2 Qe7 11. Rad1 Rad8 12. Rfe1 Rfe8 13. g3 a6 14. e4 dxe4 15.
Nxe4 Nxe4 16. Qxe4 Bb4 17. Rf1 Bd6 18. Bd3 f5 19. Qe3 c5 20. Rfe1 cxd4 21. Nxd4
Nc5 22. Bf1 Qf7 23. Bh3 Ne4 24. Qe2 Bc5 25. Rf1 Rd6 26. Nf3 Red8 27. Rxd6 Rxd6
28. Ne5 Qe8 29. Bc1 Nc3 30. Qe1 Bd4 31. Bg2 Ne4 1-0

[Event "MP Reykjavik Open 2011"]
[Site "Reykjavik ISL"]
[Date "2011.03.11"]
[Round "3.10"]
[White "Thorfinnsson, Bragi"]
[Black "Gupta, Abhijeet"]
[Result "1/2-1/2"]
[WhiteElo "2417"]
[BlackElo "2580"]
[PlyCount "119"]
[EventDate "2011.03.09"]
[EventType "swiss"]
[EventRounds "9"]
[EventCountry "ISL"]
[Source "lmi"]
[SourceDate "2011.03.09"]

1. d4 Nf6 2. c4 g6 3. g3 c6 4. Bg2 d5 5. Nf3 Bg7 6. b3 O-O 7. O-O a5 8. Nc3 Ne4
9. Bb2 Nxc3 10. Bxc3 Nd7 11. cxd5 cxd5 12. Ne5 Nf6 13. f3 Ne8 14. Qd2 Nd6 15.
Kh1 Be6 16. Nd3 b6 17. Nf4 Bc8 18. Rfd1 Bb7 19. a4 Qd7 20. Qe1 Rfc8 21. Rac1 e6
22. e3 Bh6 23. Nd3 Ba6 24. Ne5 Qb7 25. Bd2 Bg7 26. e4 Rxc1 27. Rxc1 Rc8 28.
Rxc8+ Nxc8 29. b4 axb4 30. Bxb4 Ne7 31. f4 dxe4 32. Bxe7 Qxe7 33. Qxe4 Qe8 34.
Qc6 Qxc6 35. Bxc6 Kf8 36. Kg2 Ke7 37. Kf2 Kd6 38. Be4 f6 39. Nf3 Bf8 40. Ke3
Kc7 41. Bc2 Ba3 42. Bd3 Bb7 43. Nd2 Bc6 44. Bc2 Bc1 45. Kd3 Ba3 46. Ne4 Be7 47.
Bb3 Kd7 48. Nc3 Bb7 49. Bc4 Bd8 50. d5 exd5 51. Bxd5 Bc8 52. Bc4 Ke7 53. Kd4 h5
54. Nd5+ Kd6 55. Ne3 Ke7 56. f5 g5 57. h3 Kf8 58. Be6 Bb7 59. Bd5 Bc8 60. Be6
1/2-1/2

[Event "MP Reykjavik Open 2011"]
[Site "Reykjavik ISL"]
[Date "2011.03.11"]
[Round "3.11"]
[White "Halkias, Stelios"]
[Black "Debashis, Das"]
[Result "1-0"]
[WhiteElo "2579"]
[BlackElo "2398"]
[PlyCount "103"]
[EventDate "2011.03.09"]
[EventType "swiss"]
[EventRounds "9"]
[EventCountry "ISL"]
[Source "lmi"]
[SourceDate "2011.03.09"]

1. d4 d5 2. c4 c6 3. Nf3 Nf6 4. Nc3 e6 5. g3 Nbd7 6. Qd3 Bd6 7. Bg2 O-O 8. O-O
dxc4 9. Qxc4 e5 10. Bg5 h6 11. Bxf6 Qxf6 12. Ne4 Qe7 13. Nxd6 Qxd6 14. Rad1
exd4 15. Nxd4 Nb6 16. Qc3 Qe7 17. e4 Rd8 18. b3 Bg4 19. Rd2 a5 20. h3 Bd7 21.
Rfd1 a4 22. b4 Kf8 23. Kh2 Rac8 24. Rc1 Na8 25. f4 Nc7 26. Rcd1 Na6 27. a3 c5
28. bxc5 Qxc5 29. Qb2 Qc7 30. e5 Nc5 31. f5 Kg8 32. e6 Be8 33. exf7+ Bxf7 34.
Nb5 Rxd2 35. Rxd2 Qe7 36. Nd6 Rd8 37. Nxf7 Kxf7 38. Re2 Qd6 39. Qc2 b5 40. f6
g6 41. Qc1 g5 42. Qc2 Nd3 43. Qc3 h5 44. Re7+ Kf8 45. Rg7 h4 46. Rxg5 Nf4 47.
f7 hxg3+ 48. Rxg3 Ng6 49. Qf3 Kg7 50. h4 Rh8 51. h5 Qe5 52. Bh3 1-0

[Event "MP Reykjavik Open 2011"]
[Site "Reykjavik ISL"]
[Date "2011.03.11"]
[Round "3.12"]
[White "Hess, Robert L"]
[Black "Thorhallsson, Throstur"]
[Result "1-0"]
[WhiteElo "2565"]
[BlackElo "2387"]
[PlyCount "83"]
[EventDate "2011.03.09"]
[EventType "swiss"]
[EventRounds "9"]
[EventCountry "ISL"]
[Source "lmi"]
[SourceDate "2011.03.09"]

1. e4 c5 2. Nc3 d6 3. f4 Nc6 4. Nf3 g6 5. Bb5 Bg7 6. O-O e6 7. Bxc6+ bxc6 8. b3
Ba6 9. Re1 Ne7 10. e5 O-O 11. Ne4 Nf5 12. Ba3 Qa5 13. Qc1 h5 14. d3 Rfd8 15.
Rb1 Rab8 16. exd6 Nxd6 17. Bb2 Nxe4 18. Rxe4 Bh6 19. Ra4 Qb6 20. Qe1 c4+ 21.
Kh1 Bg7 22. Bxg7 Kxg7 23. dxc4 c5 24. Ra5 Kg8 25. Rc1 Rd6 26. Ne5 Rbd8 27. Nd3
Bb7 28. Rb5 Qc6 29. Qe2 Rd4 30. Rxc5 Re4 31. Qf1 Qa6 32. Rb5 Red4 33. Re1 Ba8
34. a4 Qd6 35. Rbe5 Qa3 36. R5e3 Qa2 37. R1e2 Qa3 38. Qe1 Qe7 39. Qg3 a6 40. h3
Kh7 41. Qg5 Qc7 42. Qf6 1-0